Il recupero degli aiuti di stato

Detalles Bibliográficos
Autor principal: Aulenta, Mario
Formato: eBook
Lenguaje:italiano
Publicado: Bari : Cacucci Editore, 2007
Materias:
Acceso en línea:http://www.vlex.com/source/7336

MARC

LEADER 00000nam a22000007a 4500
005 20130305172917.0
007 cr|||| ||||
008 130305e2007 it |||||s|||| 00||0 ita d
020 |a 978-88-8422-677-8 
035 |a 7336 
040 |a vLex 
090 |c 3840  |d 3840 
100 1 0 |a Aulenta, Mario  
245 1 3 |a Il recupero degli aiuti di stato  |h [Recurso electrn̤ico]  |c / Mario Aulenta 
256 |a Servicio en ln̕ea 
260 |a Bari :  |b Cacucci Editore,   |c 2007 
300 |a 1 Recurso electrn̤ico 
506 |d vLex Global  |d vLex Global (Academic Edition, excluding Law Schools)  |d vLex Global (U.S. Academic Edition, Law Schools)  |d vLex Global (U.S. Academic Edition, excluding Law Schools)  |d vLex Global (Academic Edition, Law Schools) 
650 0 4 |a Derecho comunitario 
740 |a vLex Libros (Servicio en ln̕ea) 
856 |a Acceso restringido  |u http://www.vlex.com/source/7336 
942 |c BOOK 
999 0 |a European Union